Loading...
Fine Arts - Other Fine Arts | 0 | 4 | 0 | 1 | 40 | 67 | 110.00 | 1 | 3 |
Other | 0 | 3 | 0 | 1 | 30 | 73 | 101.33 | 1 | 1 |
Science - Physics | 0 | 2 | 0 | 0 | 20 | 80 | 91.00 | 2 | 2 |
History - Other History | 0 | 2 | 0 | 0 | 20 | 99 | 105.50 | 0 | 1 |
Mythology | 0 | 2 | 0 | 0 | 20 | 68 | 75.00 | 1 | 2 |
History - European History | 0 | 2 | 1 | 0 | 15 | 22 | 65.00 | 1 | 1 |
History - American History | 0 | 1 | 0 | 1 | 10 | 126 | 126.00 | 0 | 0 |
Religion | 0 | 1 | 0 | 0 | 10 | 97 | 97.00 | 0 | 1 |
Literature - British Literature | 0 | 1 | 0 | 0 | 10 | 92 | 92.00 | 0 | 1 |
Science - Chemistry | 0 | 1 | 0 | 0 | 10 | 92 | 92.00 | 0 | 0 |
Science - Other Science | 0 | 1 | 0 | 0 | 10 | 89 | 89.00 | 1 | 1 |
Science - Biology | 0 | 1 | 1 | 0 | 5 | 109 | 109.00 | 0 | 0 |
Fine Arts - Classical Music | 0 | 1 | 1 | 0 | 5 | 128 | 128.00 | 1 | 1 |